Beef cattle (Record no. 11988)

000 -LEADER
fixed length control field 00483nam a2200181 4500
020 ## - INTERNATIONAL STANDARD BOOK NUMBER
ISBN 47163235X
040 ## - CATALOGING SOURCE
Transcribing agency DLC
082 ## - DEWEY DECIMAL CLASSIFICATION NUMBER
Classification number 636 WIL 1969 A040 Or.
100 1# - MAIN ENTRY--AUTHOR NAME
Personal name Neumann, A. L.
245 10 - TITLE STATEMENT
Title Beef cattle
250 ## - EDITION STATEMENT
Edition statement 6th ed
260 ## - PUBLICATION, DISTRIBUTION, ETC. (IMPRINT)
Place of publication New York,
Name of publisher Wiley
Year of publication [1969]
300 ## - PHYSICAL DESCRIPTION
Number of Pages x, 767 p.
Other physical details illus., maps.
Dimensions 23 cm
500 ## - GENERAL NOTE
General note First-4th ed. by R. R. Snapp; 5th ed. by R. R. Snapp and A. L. Neumann
650 #0 - SUBJECT ADDED ENTRY--TOPICAL TERM
Topical Term Beef cattle
700 1# - ADDED ENTRY--PERSONAL NAME
Personal name Snapp, Roscoe Raymond,
942 ## - ADDED ENTRY ELEMENTS (KOHA)
Koha item type សៀវភៅភាសាអង់គ្លេស
952 ## - LOCATION AND ITEM INFORMATION (KOHA)
Withdrawn status [LOCAL, KOHA] 0
Holdings
Permanent Location Date acquired Koha item type Lost status Shelving location Barcode Current Location Full call number
Library Block A2017-08-09សៀវភៅភាសាអង់គ្លេស A040A10574Library Block A636 WIL 1969 A040 Or.
មជ្ឈមណ្ឌលឯការនៃសាកលវិទ្យាល័យភូមិន្ទកសិកម្មចំការដូង

Powered by Koha